000 00945nam a22003137a 4500
003 CHAP
005 20220329140954.0
008 971013s r 00010 d
010 _a60705
011 _a61677
035 _a65845
040 _cCHAP
082 _a323.354
_bI5
110 _aINDECO
_957539
245 _aInforme, 19
260 _a(s.l.) :
_b(s.e),
_c(s.a)
300 _av.
500 _aLa biblioteca tiene: 1975-76
590 _aBATCH-UPD
_b10
_c20130110
_lUCH01
_h1605
590 _aBATCH-UPD
_b10
_c20130410
_lUCH01
_h1001
590 _aBATCH-UPD
_b10
_c20130914
_lUCH01
_h1144
590 _aCONVERSION
_b10
_c20130109
_lUCH01
_h1333
650 1 4 _aDesarrollo de la comunidad rural
_zMéxico.
_932040
650 1 4 _aDesarrollo de la comunidad
_zMéxico.
_931984
650 1 4 _aVivienda
_zMéxico.
_9120153
901 _aBK
942 _cLIBRO
949 _a323.354 I5
_bBC
_cLIBRO
_d33724000300133
_eLIBRO
_f1975-76 c.2
_h40493
_i65845
_si
999 _c60705
_d60705